Les stations du Métro de Paris par les deux premières lettres en 90s - Statistiques

Statistiques générales
  • Ce quiz a été pris 276 fois
  • Le résultat moyen est 182 sur 320
Réponses sur la Carte
Les réponses sont colorées sur une échelle allant du rouge au vert en fonction du pourcentage des utilisateurs qui les ont devinées à leur premier essai. Vous pouvez retrouver ces pourcentages ci-dessous.
 
Statistiques - réponses
Lignes Stations % Correct
2 La Chapelle
92%
7 La Courneuve 8 mai 1945
92%
1 La Défense
92%
11 La Dhuys
92%
13 La Fourche
92%
12 Lamarck - Caulaincourt
92%
6,8,10 La Motte-Picquet Grenelle
92%
9 La Muette
92%
8 La Tour-Maubourg
92%
5 Laumière
92%
10 Mabillon
92%
8,12,14 Madeleine
92%
12 Mairie d'Aubervilliers
92%
13 Mairie de Clichy
92%
9 Mairie de Montreuil
92%
4 Mairie de Montrouge
92%
13 Mairie de Saint-Ouen
92%
11 Mairie des Lilas
92%
12 Mairie d'Issy
92%
7 Mairie d'Ivry
92%
7,14 Maison Blanche
92%
8 Maisons-Alfort Les Juilliottes
92%
8 Maisons-Alfort - Stade
92%
13 Malakoff Plateau de Vanves
92%
13 Malakoff Rue Étienne Dolet
92%
3 Malesherbes
92%
9 Maraîchers
92%
4,12 Marcadet - Poissonniers
92%
9 Marcel Sembat
92%
12 Marx Dormoy
92%
10 Maubert - Mutualité
92%
1,13 Champs-Élysées Clemenceau
90%
10 Chardon-Lagache
90%
8 Charenton - Écoles
90%
1,2,6 Charles de Gaulle - Étoile
90%
10 Charles Michels
90%
9 Charonne
90%
4 Château d'Eau
90%
1 Château de Vincennes
90%
7 Château-Landon
90%
4 Château Rouge
90%
1,4,7,11,14 Châtelet
90%
13 Châtillon - Montrouge
90%
7,9 Chaussée d'Antin La Fayette
90%
8 Chemin Vert
90%
6 Chevaleret
90%
14 Chevilly-Larue
90%
8 Pointe du Lac
90%
7 Poissonnière
90%
14 Pont Cardinet
90%
3 Pont de Levallois - Bécon
90%
1 Pont de Neuilly
90%
9 Pont de Sèvres
90%
7 Pont Marie
90%
7 Pont Neuf
90%
2 Porte Dauphine
90%
10 Porte d'Auteuil
90%
3 Porte de Bagnolet
90%
3 Porte de Champerret
90%
8 Porte de Charenton
90%
7 Porte de Choisy
90%
13 Porte de Clichy
90%
4 Porte de Clignancourt
90%
12 Porte de la Chapelle
90%
7 Porte de la Villette
90%
9 Porte de Montreuil
90%
5 Porte de Pantin
90%
9 Porte de Saint-Cloud
90%
13 Porte de Saint-Ouen
90%
3bis, 11 Porte des Lilas
90%
13 Porte de Vanves
90%
12 Porte de Versailles
90%
1 Porte de Vincennes
90%
7 Porte d'Italie
90%
7 Porte d'Ivry
90%
8 Porte Dorée
90%
4 Porte d'Orléans
90%
1 Porte Maillot
90%
13 Gabriel Péri
85%
13 Gaîté
85%
3 Gallieni
85%
3,3bis Gambetta
85%
5,10 Gare d'Austerlitz
85%
4,5,7 Gare de l'Est
85%
1,14 Gare de Lyon
85%
4,5 Gare du Nord
85%
13 Garibaldi
85%
9 Saint-Ambroise
85%
9 Saint-Augustin
85%
13 Saint-Denis Porte de Paris
85%
14 Saint-Denis Pleyel
85%
13 Saint-Denis - Université
85%
3bis Saint-Fargeau
85%
13 Saint-François-Xavier
85%
12 Saint-Georges
85%
4 Saint-Germain-des-Prés
85%
6 Saint-Jacques
85%
3,12,13,14 Saint-Lazare
85%
1 Saint-Mandé
85%
5 Saint-Marcel
85%
4 Saint-Michel
85%
14 Saint-Ouen
85%
1 Saint-Paul
85%
9 Saint-Philippe du Roule
85%
4 Saint-Placide
85%
8 Saint-Sébastien - Froissart
85%
4 Saint-Sulpice
85%
8 Ledru-Rollin
80%
7 Le Kremlin-Bicêtre
80%
7 Le Peletier
80%
13 Les Agnettes
80%
13 Les Courtilles
80%
7 Les Gobelins
80%
4 Les Halles
80%
1 Les Sablons
80%
2 Monceau
72%
8 Montgallet
72%
4,6,12,13 Montparnasse Bienvenüe
72%
11 Montreuil - Hôpital
72%
4 Mouton-Duvernet
72%
4 Bagneux - Lucie Aubrac
70%
8 Balard
70%
2,4 Barbès - Rochechouart
70%
13 Basilique de Saint-Denis
70%
1,5,8 Bastille
70%
4 Barbara
70%
2 Colonel Fabien
68%
8 Commerce
68%
1,8,12 Concorde
68%
12 Convention
68%
7 Corentin Cariou
68%
12 Corentin Celton
68%
6 Corvisart
68%
11 Coteaux Beauclair
68%
2 Courcelles
68%
2 Couronnes
68%
14 Cour Saint-Émilion
68%
3,4 Réaumur - Sébastopol
68%
12 Rennes
68%
3,5,8,9,11 République
68%
1,8 Reuilly - Diderot
68%
1,7 Palais Royal Musée du Louvre
65%
3 Parmentier
65%
6 Passy
65%
6,12 Pasteur
65%
7,7bis Louis Blanc
61%
3 Louise Michel
61%
8 Lourmel
61%
1 Louvre-Rivoli
61%
1 Argentine
59%
3,11 Arts et Métiers
59%
6 Bel-Air
59%
2,11 Belleville
59%
1 Bérault
59%
6,14 Bercy
59%
5 Bobigny - Pablo Picasso
56%
5 Bobigny - Pantin Raymond Queneau
56%
6 Boissière
56%
7bis Bolivar
56%
8,9 Bonne Nouvelle
56%
7bis Botzaris
56%
8 Boucicaut
56%
10 Boulogne Pont de Saint-Cloud
56%
10 Boulogne - Jean Jaurès
56%
3 Bourse
56%
1 George V
54%
2,13 Place de Clichy
54%
7bis,11 Place des Fêtes
54%
5,6,7 Place d'Italie
54%
7 Place Monge
54%
1,2,6,9 Nation
49%
6 Nationale
49%
9,10 Michel-Ange - Auteuil
48%
9,10 Michel-Ange - Molitor
48%
8 Michel Bizot
48%
10 Mirabeau
48%
9,13 Miromesnil
48%
4,6 Denfert-Rochereau
46%
1,9 Franklin D. Roosevelt
46%
12 Front Populaire
46%
6 Picpus
45%
7 Pierre et Marie Curie
45%
2,12 Pigalle
45%
2 Victor Hugo
45%
7 Villejuif Léo Lagrange
45%
7 Villejuif Louis Aragon
45%
7 Villejuif Paul Vaillant-Couturier
45%
2,3 Villiers
45%
14 Bibliothèque François Mitterrand
44%
9 Billancourt
44%
6 Bir-Hakeim - Tour Eiffel
44%
7 Cadet
44%
6 Cambronne
44%
5 Campo-Formio
44%
10 Cardinal Lemoine
44%
13 Carrefour Pleyel
44%
7bis Danube
42%
6,8 Daumesnil
42%
1 Esplanade de la Défense
42%
9 Robespierre
41%
11 Romainville - Carnot
41%
2 Rome
41%
11 Rosny - Bois-Perrier
41%
2,5,7 Stalingrad
39%
4,8,9 Strasbourg - Saint-Denis
39%
11 Télégraphe
39%
3 Temple
39%
2 Ternes
39%
5 Hoche
38%
14 Hôpital Bicêtre
38%
1,11 Hôtel de Ville
38%
2 Ménilmontant
38%
3bis Pelleport
38%
3 Pereire
38%
2,3 Père Lachaise
38%
8 Liberté
37%
13 Liège
37%
10 Ségur
37%
3 Sentier
37%
11 Serge Gainsbourg
37%
10,12 Sèvres - Babylone
37%
6 Sèvres - Lecourbe
37%
4 Alésia
35%
2 Alexandre Dumas
35%
9 Alma - Marceau
35%
6 Dugommier
35%
6 Dupleix
35%
10,13 Duroc
35%
6 Quai de la Gare
34%
5 Quai de la Rapée
34%
3 Quatre-Septembre
34%
11 Rambuteau
34%
9 Ranelagh
34%
4,6 Raspail
34%
10 Vaneau
34%
13 Varenne
34%
12 Vaugirard
34%
4 Vavin
34%
4 Cité
32%
8 Créteil - L'Échat
32%
8 Créteil - Préfecture
32%
8 Créteil - Université
32%
7 Crimée
32%
9 Croix de Chavaux
32%
5 Jacques Bonsergent
32%
9 Jasmin
32%
2,5,7bis Jaurès
32%
10 Javel - André Citroën
32%
5 Richard-Lenoir
32%
8,9 Richelieu-Drouot
32%
7 Riquet
32%
4 Simplon
31%
3 Anatole France
30%
2 Anvers
30%
9 Rue de la Pompe
30%
9 Rue des Boulets
30%
12 Rue du Bac
30%
3 Rue Saint-Maur
30%
12 Trinité d'Estienne d'Orves
30%
6,9 Trocadéro
30%
1 Tuileries
30%
5 Bréguet - Sabin
27%
13 Brochant
27%
3,7,8 Opéra
27%
12 Assemblée Nationale
25%
7bis Buttes Chaumont
25%
9 Buzenval
25%
4 Étienne Marcel
25%
13 Guy Môquet
25%
8,13 Invalides
25%
12 Jules Joffrin
25%
7,10 Jussieu
25%
7 Tolbiac
25%
7 Censier - Daubenton
24%
8,9 Grands Boulevards
24%
12 Notre-Dame-de-Lorette
24%
12 Notre-Dame-des-Champs
24%
12 Solférino
24%
8 Faidherbe - Chaligny
23%
12 Falguière
23%
11 Goncourt
23%
12 Abbesses
21%
8 Félix Faure
21%
7 Fort d'Aubervilliers
21%
7,14 Pyramides
21%
11 Pyrénées
21%
12 Volontaires
21%
9 Voltaire
21%
7 Aubervilliers - Pantin Quatre Chemins
20%
10 Avenue Émile Zola
18%
2 Avron
18%
3,9 Havre - Caumartin
18%
5,9 Oberkampf
18%
4,10 Odéon
18%
7 Sully - Morland
18%
12 Aimé Césaire
17%
10 Église d'Auteuil
17%
5 Église de Pantin
17%
14 Aéroport d'Orly
15%
2 Philippe Auguste
15%
3 Wagram
15%
8 Filles du Calvaire
14%
6 Glacière
14%
9 Iéna
13%
14 Olympiades
13%
5 Ourcq
13%
7bis Pré-Saint-Gervais
13%
8 École Militaire
11%
8 École Vétérinaire de Maisons-Alfort
11%
11 Jourdain
11%
2 Blanche
10%
10 Cluny - La Sorbonne
10%
6 Edgar Quinet
10%
14 Thiais - Orly
8%
3 Europe
7%
6 Kléber
7%
9 Exelmans
4%
14 L'Haÿ-les-Roses
4%
13 Pernety
0%
13 Plaisance
0%
Aucun quiz correspondant
Distribution des résultats
% des personnes avec chaque résultat
Percentile par nombre de réponses
Votre historique - résultats
Vous n’avez pas pris ce quiz